Bundesliga Spieler mit mehr als 200 Toren - Statistiken

Allgemein
  • Dieses Quiz wurde 258 mal gespielt
  • Das Durchschnittsergebnis liegt bei 3 aus 5
Antwortstatistiken
Tore Spieler % Korrekt
365 Gerd Müller
100%
312 Robert Lewandowski
95%
268 Klaus Fischer
36%
220 Jupp Heynckes
26%
213 Manfred Burgsmüller
20%
Keine übereinstimmenden Quizze gefunden
Verteilung der Resultate
Anzahl Personen mit jedem Resultat
Perzentil nach korrekt beantworteten Fragen
Ihre Resultats-Entwicklung
Sie haben dieses Quiz noch nicht gespielt